Tenisová storočnica klub ŠTK Šamorín oslavuje krásne jubileum

Bibliographic Details
Main Author: Duducz, Tibor (Author)
Format: Article
Language:Slovak
Hungarian
PhysicalDescription:Fotogr.
ISSN:1338-9068
Subjects:

MARC

LEADER 00000nab a2200000 a 4500
001 vtls010616846
003 SK-MaSNL
005 20260303212519.0
008 140827|2014 xo m| 000 02slo
015 |a SNBRB2014/08 
038 |a DSZK 
040 |a DSZK  |b slo  |c DSZK  |e AACR2 
041 0 |a slo  |a hun 
044 |a xo  |c SK 
080 |a 796.342  |x (437.6)  |x "1914/2014"  |2 2001 
100 1 |a Duducz, Tibor  |4 aut  |9 1108642 
245 1 0 |a Tenisová storočnica  |b klub ŠTK Šamorín oslavuje krásne jubileum  |c Tibor Duducz 
300 |b Fotogr. 
546 |a Dvojjazyčné vydanie 
610 2 7 |a Tenisový klub ŠTK Šamorín  |2 dszk  |9 1194610 
650 0 7 |a dejiny  |2 dszk  |9 3825 
651 7 |a Šamorín (Slovensko)  |2 SNKPHgeo  |9 28925 
773 0 |t Šamorín a okolie=Somorja és vidéke  |g Roč. XXIV, č. 7-8 (2014), s. 17  |x 1338-9068 
852 |a DSZK  |b KIS3GCP 
958 |a SK 
999 |c 2207718  |d 2209648